Т. 1; Логистика. Управление потоками

Détails bibliographiques
Parent link:Логистика. Управление потоками: бизнес-энциклопедия: в 2 т./ под ред. К. А. Бебекина. Т. 1.— , 2007.— 978-5-902298-23-6
Résumé:Практическое пособие, где профессионалы логистики делятся многолетним опытом и результатами экспериментов, отлаженной и отработанной технологией, знаниями и умениями в оптимизации и управлении.Производственная и складская логистика, управление запасами и распределением, закупка и дистрибуция, таможня и транспорт — теория, практика, рекомендации, а также памятки, инструкции и образцы договоров.
Langue:russe
Publié: 2007
Sujets:
Format: Livre
KOHA link:https://koha.lib.tpu.ru/cgi-bin/koha/opac-detail.pl?biblionumber=244759

MARC

LEADER 00000nam2a2200000 4500
001 244759
005 20231101232058.0
010 |a 9785902298243 
035 |a (RuTPU)RU\TPU\book\266152 
090 |a 244759 
100 |a 20131029d2007 km y0rusy50 ca 
101 0 |a rus 
102 |a RU 
105 |a a f 000zy 
200 0 |a Т. 1 
210 |d 2007 
215 |a 402 с.  |c ил. 
330 |a Практическое пособие, где профессионалы логистики делятся многолетним опытом и результатами экспериментов, отлаженной и отработанной технологией, знаниями и умениями в оптимизации и управлении.Производственная и складская логистика, управление запасами и распределением, закупка и дистрибуция, таможня и транспорт — теория, практика, рекомендации, а также памятки, инструкции и образцы договоров. 
461 1 |0 (RuTPU)RU\TPU\book\266942  |y 978-5-902298-23-6  |t Логистика. Управление потоками  |o бизнес-энциклопедия: в 2 т.  |f под ред. К. А. Бебекина  |v Т. 1  |d 2007  |s Бизнес без проблем 
606 1 |a Логистика  |x Логистические стратегии  |2 stltpush  |3 (RuTPU)RU\TPU\subj\36364  |9 57772 
610 1 |a логистические цепи 
610 1 |a логистические отделы 
610 1 |a право 
610 1 |a управление 
610 1 |a запасы 
610 1 |a прогнозирование 
610 1 |a складская логистика 
610 1 |a закупки 
610 1 |a дистрибуция 
610 1 |a маркетинг 
610 1 |a транспортная логистика 
610 1 |a энциклопедии 
686 |a У9(2)40я2  |v LBC/SL-A  |2 rubbk 
801 1 |a RU  |b 63413507  |c 20131029 
801 2 |a RU  |b 63413507  |c 20131115  |g RCR 
942 |c BK